| 000 | 00834nam a2200217 a 4500 | ||
|---|---|---|---|
| 003 | 0 | ||
| 005 | 20250318141329.0 | ||
| 008 | 071127s19uu xx 00 eng d | ||
| 050 |
_aPGS HQ 755.85.A34 _b.Ab149 2007 |
||
| 100 | _aAbitria, Joanna Faye P. | ||
| 245 |
_aAge spacing and the health and well being of siblings / _cJoanna Faye P. Abitria. |
||
| 260 |
_aLas PiƱas City, Philippines : _bSouthville International School and Colleges, _c2007. |
||
| 300 |
_a44 pages : _billustrations ; _c28 cm. |
||
| 504 | _aIncludes bibliographical references. | ||
| 650 |
_aBrothers and sisters _vAge differences. |
||
| 650 |
_aSibling relationships _vPsychological aspects. |
||
| 650 | _aChild health and development. | ||
| 650 |
_aFamily size _vHealth aspects. |
||
| 650 |
_aChild well-being _vFamily influences. |
||
| 942 |
_2lcc _cPASS |
||
| 999 |
_c97683 _d97683 |
||